01331nab a22002417a 4500999001500000003000400015005001700019008004100036040000700077100003000084245014300114260007300257300001100330500002800341505034800369505008200717650002300799650004800822650002200870650002800892773015600920942001301076 c5605d5605OSt20251222102857.0190429b xxu||||| |||| 00| 0 spa d cPJ 96580aCarrió, Francisco13aLa prescripción de la acción penal y el fallo "Levinas". Necesidad de una reforma al art. 67 del Código Penal /cFrancisco Carrió. cCiudad Autónoma de Buenos Aires :aThomson Reuters La Ley, b2025. ap. 5-7 aCita: AR/DOC/1252/2025. aSumario: I. Introducción.— II. Consecuencias de la instancia adicional en materia penal.— III. ¿Cuándo prescribe la acción penal respecto de una persona condenada?— IV. ¿Cuándo queda firme una sentencia condenatoria?— V. Posibles consecuencias del agregado de una instancia adicional.— VI. Propuesta de reforma legislativa. tSi te interesa el texto completo, solicitalo a koha@justierradelfuego.gov.ar  09343aDERECHO PENAL 09822aCORTE SUPREMA DE JUSTICIA DE LA NACION 092397aCOMPETENCIA 093972aCOMPETENCIA CIVIL0 0265893164tRevista de derecho penal y criminología. Nº 7 - Agosto 2025dCiudad Autónoma de Buenos Aires : Thomson Reuters La Ley, 2017-x00347914 2udccANA